000 00970nam0a22002771 4500
001 v19\rc\1795245
005 20260406094250.0
035 _a(NLR Aleph) 004886028
090 _a5220568
_c5220568
100 _a20061204d1914 u y0rusy50 ca
101 0 _arus
102 _aRU
105 _ay z |||||
200 1 _aКассационная практика по делам об акцизных нарушениях
_fСост. А. фон-Резон
205 _a2-е изд., доп. Неофиц. изд.
210 _aСанкт-Петербург
_cтип. М. Меркушева
_d1914
215 _a364 с.
_d23
700 1 _4220
_7ca
_8rus
_aРезон
_bА. К. фон
_f1843-1915
_gАвгуст Карлович фон
_3RU\NLR\AUTH\770286599
_92685814
801 0 _aRU
_bNLR
_gpsbo
801 0 _aRU
_bRuMoRGB
_2psbo
801 1 _aRU
_bProSoft-M
_2rusmarc
852 _aNLR
_j37.46.2.20
899 _aRuMoRGB
_jV 10/173
899 _aБАН
942 _cBOOK
980 _aNB